Flora paulista I-IV ... (Record no. 25053)

MARC details
000 -LEADER
fixed length control field 00647cam a22002291 4500
001 - CONTROL NUMBER
control field gs 11000381
003 - CONTROL NUMBER IDENTIFIER
control field DLC
005 - DATE AND TIME OF LATEST TRANSACTION
control field 20260227111311.0
008 - FIXED-LENGTH DATA ELEMENTS--GENERAL INFORMATION
fixed length control field 820707m18971905bl 000 0 ita
010 ## - LIBRARY OF CONGRESS CONTROL NUMBER
LC control number gs 11000381
035 ## - SYSTEM CONTROL NUMBER
System control number (OCoLC)29095781
040 ## - CATALOGING SOURCE
Original cataloging agency DLC
Transcribing agency MnU
Modifying agency DLC
042 ## - AUTHENTICATION CODE
Authentication code premarc
043 ## - GEOGRAPHIC AREA CODE
Geographic area code s-bl---
050 00 - LIBRARY OF CONGRESS CALL NUMBER
Classification number TN42.S3
Item number A3 no. 12-15
100 1# - MAIN ENTRY--PERSONAL NAME
Personal name Löfgren, Alberto,
Dates associated with a name 1854-1918.
245 10 - TITLE STATEMENT
Title Flora paulista I-IV ...
260 ## - PUBLICATION, DISTRIBUTION, ETC.
Place of publication, distribution, etc. São Paulo,
Name of publisher, distributor, etc. Typographia e papelaria de Vandorden & cia,
Date of publication, distribution, etc. 1897-1905.
300 ## - PHYSICAL DESCRIPTION
Extent 4 v.
Dimensions 23 cm.
650 #0 - SUBJECT ADDED ENTRY--TOPICAL TERM
Topical term or geographic name entry element Botany
Geographic subdivision Brazil
-- São Paulo (State)
700 1# - ADDED ENTRY--PERSONAL NAME
Personal name Edwall, Gustavo,
Dates associated with a name 1862-

No items available.

Powered by Koha